|
|
|
|
| LEADER |
01694nam a2200493 a 4500 |
| 001 |
nkc20122386185 |
| 003 |
CZ PrNK |
| 005 |
20120903124554.0 |
| 007 |
ta |
| 008 |
120716s2012 xr ak e f 000 0 cze |
| 015 |
|
|
|a cnb002386185
|
| 020 |
|
|
|a 978-80-86230-58-0
|q (brož.)
|
| 035 |
|
|
|a (OCoLC)815381337
|
| 040 |
|
|
|a OLA001
|b cze
|d BOA001
|d ABA001
|
| 043 |
|
|
|a e-xr---
|
| 072 |
|
7 |
|a 621.3
|x Elektrotechnika
|2 Konspekt
|9 19
|
| 080 |
|
|
|a 621.3
|2 MRF
|
| 080 |
|
|
|a 331.45
|2 MRF
|
| 080 |
|
|
|a 34
|2 MRF
|
| 080 |
|
|
|a (437.3)
|2 MRF
|
| 080 |
|
|
|a (035)
|2 MRF
|
| 100 |
1 |
|
|a Hemerka, Jiří,
|d 1946-
|7 ntka172534
|4 aut
|
| 245 |
1 |
0 |
|a Příručka pro zkoušky vedoucích elektrotechniků - všeobecná část /
|c Jiří Hemerka, Michal Kříž
|
| 246 |
3 |
0 |
|a Příručka pro zkoušky vedoucích elektrotechniků
|
| 250 |
|
|
|a 2., aktualiz. vyd.
|
| 260 |
|
|
|a Praha :
|b IN-EL,
|c 2012
|
| 300 |
|
|
|a 136 s. :
|b il., formuláře ;
|c 21 cm
|
| 490 |
1 |
|
|a Elektro ;
|v sv. 90
|
| 504 |
|
|
|a Obsahuje bibliografické odkazy
|
| 650 |
0 |
7 |
|a elektrotechnika
|7 ph114460
|2 czenas
|
| 650 |
0 |
7 |
|a bezpečnost práce
|7 ph118834
|2 czenas
|
| 650 |
0 |
7 |
|a právní předpisy
|7 ph124717
|z Česko
|2 czenas
|
| 650 |
0 |
9 |
|a electric engineering
|2 eczenas
|
| 650 |
0 |
9 |
|a occupational safety
|2 eczenas
|
| 650 |
0 |
9 |
|a legal regulations
|z Czechia
|2 eczenas
|
| 655 |
|
7 |
|a příručky
|7 fd133209
|2 czenas
|
| 655 |
|
9 |
|a handbooks and manuals
|2 eczenas
|
| 700 |
1 |
|
|a Kříž, Michal
|7 jn20001227501
|4 aut
|
| 830 |
|
0 |
|a Elektro (IN-EL)
|0 s
|
| 910 |
2 |
|
|a BOA001
|b 1-1289.828
|
| 990 |
|
|
|a BK
|
| 995 |
|
|
|a 01
|
| 991 |
|
|
|b 201208
|c NOV
|e n
|
| 996 |
6 |
|
|b 2610518486
|c 1-1289.828
|l MZK
|r Sklad / do 1 hodiny
|n 2
|p p.v.
|w 001269365
|u 000010
|a 1
|e BOA001
|j MZK50
|s P
|